Marruecos (Record no. 37766)

MARC details
000 -LEADER
campo de control de longitud fija 00892nam a2200253 i 4500
001 - NÚMERO DE CONTROL
campo de control 37766
003 - IDENTIFICADOR DE NÚMERO DE CONTROL
campo de control ES-MaACL
005 - FECHA Y HORA DE LA ÚLTIMA TRANSACCIÓN
campo de control 20251005063036.0
007 - CAMPO FIJO DE DESCRIPCIÓN FÍSICA--INFORMACIÓN GENERAL
campo de control de longitud fija t|
008 - DATOS DE LONGITUD FIJA--INFORMACIÓN GENERAL
campo de control de longitud fija 030221s1907 sp |||| | spa d
080 ## - NÚMERO DE LA CLASIFICACIÓN DECIMAL UNIVERSAL
Número de la Clasificación Decimal Universal 94(64)"19"
080 ## - NÚMERO DE LA CLASIFICACIÓN DECIMAL UNIVERSAL
Número de la Clasificación Decimal Universal 908(64)
100 1# - ENTRADA PRINCIPAL--NOMBRE DE PERSONA
Nombre de persona Caballero de Puga, Eduardo,
Fechas asociadas al nombre 1847-1943
9 (RLIN) 33103
245 10 - MENCIÓN DEL TÍTULO
Título Marruecos
Resto del título : política e intereses de España en este Imperio /
Mención de responsabilidad, etc. por Eduardo Caballero de Puga.
260 ## - PUBLICACIÓN, DISTRIBUCIÓN, ETC.
Lugar de publicación, distribución, etc. Madrid :
Nombre del editor, distribuidor, etc. [s.n.],
Fecha de publicación, distribución, etc. 1907 (
Fabricante Imp. de Eduardo Arias)
300 ## - DESCRIPCIÓN FÍSICA
Extensión 32 p., [5] h. de lám. ;
Dimensiones 24 cm.
530 ## - NOTA DISPONIBLE DE FORMULARIO FÍSICO ADICIONAL
Nota de formato físico adicional disponible Disponible también en sitio web.
651 #4 - PUNTO DE ACCESO ADICIONAL DE MATERIA--NOMBRE GEOGRÁFICO
Nombre geográfico Marruecos-
Subdivisión general Historia-
Subdivisión cronológica S.XX.
9 (RLIN) 9031
651 #4 - PUNTO DE ACCESO ADICIONAL DE MATERIA--NOMBRE GEOGRÁFICO
Nombre geográfico Marruecos-
Subdivisión general Descripción.
9 (RLIN) 9025
852 ## - LOCALIZACIÓN
Ubicación ES-MaACL
Número de control de estantería T-1394-F-11
852 ## - LOCALIZACIÓN
Ubicación ES-MaACL
Número de control de estantería Fol-Laf-167
856 ## - LOCALIZACIÓN Y ACCESO ELECTRÓNICOS
Identificador Uniforme de Recursos <a href="http://www.archive.org/details/marruecospoltic00pugagoog ">http://www.archive.org/details/marruecospoltic00pugagoog </a>
Nota pública Ir a la página
Holdings
Estatus retirado Estado de pérdida Estado de daño No para préstamo Colección Biblioteca de origen Biblioteca actual Ubicación en estantería Fecha de adquisición Fuente de adquisición Total de préstamos Signatura topográfica completa Código de barras Visto por última vez Precio de reemplazo Tipo de ítem Koha
        Colección de folletos Biblioteca del Ateneo de Madrid Biblioteca del Ateneo de Madrid Depósito folletos 17/01/2008     Fol-Laf-167 1039761 23/02/2023 23/02/2023 Folleto
        Colección de folletos Biblioteca del Ateneo de Madrid Biblioteca del Ateneo de Madrid Depósito folletos 17/01/2008     T-1394-F-11 1039760 23/02/2023 23/02/2023 Folleto